Balm of Gilead (Record no. 3482)
[ view plain ]
| 000 -LEADER | |
|---|---|
| fixed length control field | 00462nam a22001817a 4500 |
| 003 - CONTROL NUMBER IDENTIFIER | |
| control field | OSt |
| 005 - DATE AND TIME OF LATEST TRANSACTION | |
| control field | 20181113171210.0 |
| 008 - FIXED-LENGTH DATA ELEMENTS--GENERAL INFORMATION | |
| fixed length control field | 181113b ||||| |||| 00| 0 eng d |
| 020 ## - INTERNATIONAL STANDARD BOOK NUMBER | |
| International Standard Book Number | 0882437283 |
| 040 ## - CATALOGING SOURCE | |
| Language of cataloging | DLC |
| Transcribing agency | DLC |
| Modifying agency | DLC |
| 082 ## - DEWEY DECIMAL CLASSIFICATION NUMBER | |
| Classification number | 234.13 |
| Item number | Y46B |
| 100 ## - MAIN ENTRY--PERSONAL NAME | |
| Personal name | Yeomans, Lilian B. |
| 245 ## - TITLE STATEMENT | |
| Title | Balm of Gilead |
| 260 ## - PUBLICATION, DISTRIBUTION, ETC. | |
| Place of publication, distribution, etc. | Springfield |
| Name of publisher, distributor, etc. | Radiant Book Gospel Publishing House |
| Date of publication, distribution, etc. | c1992 |
| 300 ## - PHYSICAL DESCRIPTION | |
| Extent | 80p.; |
| Dimensions | 17cm |
| 650 ## - SUBJECT ADDED ENTRY--TOPICAL TERM | |
| Source of heading or term | Spiritual Healing |
| 942 ## - ADDED ENTRY ELEMENTS (KOHA) | |
| Source of classification or shelving scheme | Dewey Decimal Classification |
| Koha item type | Books |
| Withdrawn status | Lost status | Source of classification or shelving scheme | Damaged status | Not for loan | Collection code | Home library | Current library | Shelving location | Date acquired | Cost, normal purchase price | Total Checkouts | Full call number | Barcode | Date last seen | Price effective from | Koha item type |
|---|---|---|---|---|---|---|---|---|---|---|---|---|---|---|---|---|
| Dewey Decimal Classification | Non-fiction | Harvest Mission College | Harvest Mission College | General Stacks | 13.11.2018 | 100.00 | 234.1 Y46B | 004067 | 13.11.2018 | 13.11.2018 | Books | |||||
| Dewey Decimal Classification | Non-fiction | Harvest Mission College | Harvest Mission College | General Stacks | 07.01.2019 | 120.00 | 234.1 Y46b | 006309 | 07.01.2019 | 07.01.2019 | Books |
